Normal view
MARC view
- CATHERINE (CAITRIONA) CHISOMPOLA PHIRI, 1978--
Entry Personal Name
001 - CONTROL NUMBER
- control field: 4566
003 - CONTROL NUMBER IDENTIFIER
- control field: CBULib
005 - DATE AND TIME OF LATEST TRANSACTION
- control field: 20250513132201.0
008 - FIXED-LENGTH DATA ELEMENTS
- fixed length control field: 250513|| aca||aabn | a|a d
040 ## - CATALOGING SOURCE
- Original cataloging agency: CBULib
100 ## - HEADING--PERSONAL NAME
- Personal name: CATHERINE (CAITRIONA) CHISOMPOLA PHIRI, 1978--